000 004940000a22001930004500
999 _c47817
_d47817
001 613
003 CO-MdFUSB
005 20180924144900.0
008 180924b xxu||||| |||| 00| 0 eng d
020 _a0-394-96880-8
040 _cCO-MdBIC
082 0 4 _a813C B45s
100 1 _aBerenstain, Stan & Jan
245 1 0 _aThe Berenstain Bears Meet Santa Bear / Stan & Jan Berenstain
260 _aNew York : Random House
300 _a[ 32 p. ]
650 1 4 _aLiteratura Infantil
942 _cLGB